000 00361 a2200169 4500
001 50170
020 _a8508060661
040 _cAnchieta - Bela Vista
100 _aMachado, Ana Maria
240 1 0 _aMaria Sapeba
_lpor
245 1 0 _aMaria Sapeba
300 _a24
362 0 _a2000
440 1 _aÁtica
650 4 _aLiteratura infanto-juvenil
942 _cBK
999 _c50170
_d50170